Adquisición de vocabulario productivo en contextos académicos superiores: análisis de su evolución a partir de un estudio longitudinal (Record no. 202991)

MARC details
000 -CABECERA
campo de control de longitud fija 01877nab a2200277 a 4500
005 - FECHA Y HORA DE LA ÚLTIMA TRANSACCIÓN
campo de control 20240530063810.0
008 - ELEMENTOS DE LONGITUD FIJA--INFORMACIÓN GENERAL
campo de control de longitud fija 991125c2018 cr fr p o 000 0 spa d
035 ## - NÚMERO DE CONTROL DEL SISTEMA
Número de control de sistema UPN01000230896
040 ## - FUENTE DE LA CATALOGACIÓN
Centro catalogador/agencia de origen MX-MxUPN
Lengua de catalogación spa
Centro/agencia transcriptor MX-MxUPN
Normas de descripción aacr2
049 ## - COLECCIÓN
Colección ART-E
100 1# - ASIENTO PRINCIPAL--NOMBRE PERSONAL
Nombre de persona Gonzalo Zapico, Martín
Enlace - athenspierre@gmail.com
245 10 - MENCIÓN DE TÍTULO
Título Adquisición de vocabulario productivo en contextos académicos superiores: análisis de su evolución a partir de un estudio longitudinal
Medio [recurso electrónico en línea]
506 0# - NOTA DE RESTRICCIONES AL ACCESO
Limitaciones de acceso Acceso abierto
520 3# - NOTA DE RESUMEN, ETC.
Sumario, etc. El vocabulario, tanto en su dimensión productiva como receptiva, es un elemento fundamental a la hora de afrontar una carrera académica. En este marco, su medición y la posibilidad de entender cómo es su adquisición se tornan fundamentales, a efectos de delinear políticas concretas de intervención que ayuden a paliar el abandono, en particular el del primer año de muchas carreras de nivel superior. En este trabajo, se muestran los resultados de un análisis realizado a través del seguimiento durante cuatro años de un grupo de estudiantes a los cuales se les aplicó un test de vocabulario productivo cuatro veces, una a principio de cada año lectivo. Los resultados sugieren que la adquisición de vocabulario está fundamentada en la reacomodación de conceptos, semejante a una función exponencial.
650 #2 - ASIENTO SECUNDARIO DE MATERIA - TERMINO TEMATICO
9 (RLIN) 21137
Término de materia o nombre geográfico como elemento de entrada Vocabulario
650 #4 - ASIENTO SECUNDARIO DE MATERIA - TERMINO TEMATICO
Término de materia o nombre geográfico como elemento de entrada Deserción escolar
9 (RLIN) 6083
650 #4 - ASIENTO SECUNDARIO DE MATERIA - TERMINO TEMATICO
Término de materia o nombre geográfico como elemento de entrada Educación superior
9 (RLIN) 32
653 0# - TERMINO DE INDIZACION - NO CONTROLADO
Término no controlado Desempeño académico
653 0# - TERMINO DE INDIZACION - NO CONTROLADO
Término no controlado Estudio longitudinal
773 ## - ENLACE AL DOCUMENTO FUENTE/ENTRADA DE REGISTRO ANFITRIÓN
Parte(s) relacionada(s) Vol. 13, no. 2 (2018), p. 119-136
Título Ensayos pedagógicos
Número Internacional Normalizado para Publicaciones Seriadas 2215-3330
856 40 - LOCALIZACIÓN Y ACCESO ELECTRÓNICOS
Identificador Uniforme del Recurso <a href="https://www.revistas.una.ac.cr/index.php/ensayospedagogicos/article/view/11328/14490">https://www.revistas.una.ac.cr/index.php/ensayospedagogicos/article/view/11328/14490</a>
856 40 - LOCALIZACIÓN Y ACCESO ELECTRÓNICOS
Identificador Uniforme del Recurso <a href="http://dx.doi.org/10.15359/rep.13-2.6">http://dx.doi.org/10.15359/rep.13-2.6</a>
902 ## - ELEMENTOS DE DATOS B LOCAL, LDB (RLIN)
Creó RGJD/020223
Modificó RGJD/020223
905 ## - TIPO DE MATERIAL
Tipo de material Articulo
942 ## - ELEMENTOS DE PUNTO DE ACCESO ADICIONAL (KOHA)
Tipo de ítem Koha Artículo Electrónico
Holdings
Estado de retiro Estado de pérdida Estado dañado No para préstamo Código de colección Localización permanente Ubicación/localización actual Ubicación en estantería Fecha de adquisición Total de préstamos Fecha visto por última vez Identificador Uniforme del Recurso Precio válido a partir de Tipo de ítem Koha
        Acceso abierto Bib. Gregorio Torres Quintero Bib. Gregorio Torres Quintero En línea 02/02/2023   02/02/2023 https://www.revistas.una.ac.cr/index.php/ensayospedagogicos/article/view/11328/14490 02/02/2023 Artículo Electrónico